| 000 | 01696cab a2200313 4500 | ||
|---|---|---|---|
| 001 | L130859 | ||
| 008 | 050907n2005 000 0 eng u | ||
| 035 | _a(Sirsi) u130859 | ||
| 041 | 0 | _aeng | |
| 100 | _aEdwards, Martin | ||
| 245 | _aOn an unfinished journey | ||
| 260 | _c2005 | ||
| 490 |
_aEstates Gazette _v(0535) 3 September 2005, 110(1) |
||
| 520 | _aReports on "ODPM circular 05/2005: planning obligations". Reviews the statutory background and gives details of the more important policy reforms set out in Annex B of the new circular. The Circular provides interim guidance and is concerned only with improvements to the current system. Separate good practice guidance prepared by Halcrow Group consultants is to be published shortly and further reforms are clearly in the pipeline. | ||
| 590 | _aIKA130905 | ||
| 650 | _aTOWN AND COUNTRY PLANNING ACT 1990 S106 | ||
| 650 | _aTOWN AND COUNTRY PLANNING ACT 1990 S106(A) | ||
| 650 | _aTOWN AND COUNTRY PLANNING ACT 1990 S106(B) | ||
| 650 | _aPLANNING AND COMPULSORY PURCHASE ACT 2004 S120 | ||
| 650 | _aPLANNING AND COMPULSORY PURCHASE ACT 2004 SCHED 9 | ||
| 650 | _aPLANNING AND COMPULSORY PURCHASE ACT 2004 S46 | ||
| 650 | _aPLANNING AND COMPULSORY PURCHASE ACT 2004 S47 | ||
| 650 | _aPLANNING AND COMPULSORY PURCHASE ACT 2004 S48 | ||
| 650 | _aTESCO STORES LTD V SOS ENVIRONMENT & ANOR | ||
| 690 | _aENVIRONMENTAL AND LAND CONSULTANCY-PLANNING AND DEVELOPMENT-PLANNING REFORM | ||
| 700 | _aMartin, John | ||
| 856 |
_uhttps://www.odpm.gov.uk/stellent/groups/odpm_control/documents/contentservertemplate/odpm_index.hcst?n=2297&l=2 _zView ODPM circular 05/2005 free of charge at www.odpm.gov.uk... |
||
| 942 | _n0 | ||
| 999 |
_c75843 _d75843 |
||